000 00285nam a22001337a 4500
008 170313b xxu||||| |||| 00| 0 eng d
020 _a9780632035465
041 _aeng
080 _a591
100 _a7
101 _aSHM
245 _aBEHAVIOURAL ECOLOGY
_cKREBS.J.R
942 _2udc
_cBK
999 _c7716
_d7716